Logo BPK

Biblioteka

Politechniki Koszalińskiej

Pamiętnik XV Powszechnego Zjazdu Historyków Polskich. (Rekord nr 53810)

Szczegóły MARC
000 -ETYKIETA REKORDU
podpole kontrolne o stałej długości 01174nam a2200301 i 4500
001 - NUMER KONTROLNY REKORDU
pole kontrolne bg
020 ## - MIĘDZYNARODOWY ZNORMALIZOWANY NUMER KSIĄŻKI - ISBN
ISBN 8386803010
040 ## - ŹRÓDŁO KATALOGOWANIA
Instytucja, która utworzyła rekord BPK
041 0# - KOD JĘZYKA
Kod języka tekstu pol
044 ## - KOD KRAJU WYDAWCY/PRODUCENTA
Kod kraju wydawcy/producenta POL
080 ## - UNIWERSALNA KLASYFIKACJA DZIESIĘTNA - UKD
UKD 316.66
080 ## - UNIWERSALNA KLASYFIKACJA DZIESIĘTNA - UKD
UKD 316.728
920 ## - Międzynarodowy znormalizowany numer książki – ISBN
ISBN 83-86803-01-0
008 - POLE O STAŁEJ DŁUGOŚCI - DANE KONTROLNE
podpole kontrolne o stałej długości 130116s pl a f |000 0 pol
111 2# - NAZWA IMPREZY
Nazwa imprezy Powszechny Zjazd Historyków Polskich
Oznaczenie części/sekcji/imprezy (15 ;
Data imprezy 1994 ;
Miejsce imprezy Gdańsk).
245 00 - TYTUŁ/ODPOWIEDZIALNOŚĆ
Tytuł Pamiętnik XV Powszechnego Zjazdu Historyków Polskich.
Oznaczenie części/sekcji dzieła T. 2,
Tytuł części/sekcji dzieła Przemiany społeczne a model rodziny : materiały sympozjum VI /
Pozostałe elementy strefy tytułu i oznaczenia odpowiedzialności pod red. Anny Żarnowskiej ; Polskie Towarzystwo Historyczne.
246 30 - WARIANT TYTUŁU
Tytuł Przemiany społeczne a model rodziny
260 ## - STREFA ADRESU WYDAWNICZEGO
Miejsce wydania Gdańsk ;
-- Toruń :
Nazwa wydawcy/dystrybutora Wydawnictwo Adam Marszałek,
Data publikacji, dystrybucji/powstania dokumentu 1995.
300 ## - STREFA OPISU FIZYCZNEGO
Objętość 111 s. :
Inne cechy fizyczne tabl. ;
Rozmiary 24 cm.
611 00 - HASŁO PRZEDMIOTOWE W FORMIE NAZWY IMPREZY
Nazwa imprezy Powszechny Zjazd Historyków Polskich
Oznaczenie części/sekcji dzieła (15 ;
Data imprezy 1994 ;
Miejsce imprezy Gdańsk).
650 #4 - HASŁO PRZEDMIOTOWE W FORMIE NAZWY OGÓLNEJ LUB JEDNOSTKOWEJ
Nazwa ogólna lub geograficzna Chłopi
Określnik ogólny sytuacja społeczna
Określnik geograficzny Polska
Określnik chronologiczny 18-20 w.
650 #4 - HASŁO PRZEDMIOTOWE W FORMIE NAZWY OGÓLNEJ LUB JEDNOSTKOWEJ
Nazwa ogólna lub geograficzna Kobiety
Określnik ogólny sytuacja społeczna
-- historia
Określnik geograficzny Polska
650 #4 - HASŁO PRZEDMIOTOWE W FORMIE NAZWY OGÓLNEJ LUB JEDNOSTKOWEJ
Nazwa ogólna lub geograficzna Rodzina
Określnik ogólny Sytuacja społeczna
-- historia
Określnik geograficzny Polska
655 #4 - TERMIN INDEKSOWY - OKREŚLENIE RODZAJU/FORMY DOKUMENTU
Określenie rodzaju/formy dokumentu Materiały konferencyjne
700 1# - HASŁO DODATKOWE - NAZWA OSOBOWA
Nazwa osobowa Żarnowska, Anna
Daty związane z nazwą (1931-2007).
Określenie związku między hasłem a opisywanym materiałem Red.
710 2# - HASŁO DODATKOWE - NAZWA CIAŁA ZBIOROWEGO
Nazwa ciała zbiorowego lub jednostki geograficznej Polskie Towarzystwo Historyczne.
856 ## - LOKALIZACJA I DOSTĘP DO ELEKTRONICZNYCH DOKUMENTÓW ZDALNYCH
Link (URL) http://koha.tu.koszalin.pl/cgi-bin/koha/opac-detail.pl?biblionumber=53810
Tekst linku Katalog online BPK
942 ## - DODATKOWE ELEMENTY (KOHA)
Typ dokumentu Książka
Egzemplarze
Wycofany Status egzemplarza Uszkodzony Dostępność Kolekcja Lokalizacja stała Lokalizacja bieżąca Miejsce przechowywania Sygnatura Kod kreskowy Typ dokumentu
      Tylko na miejscu Kolekcja prof. Bogusława Polaka Biblioteka Politechniki Koszalińskiej Biblioteka Politechniki Koszalińskiej Czytelnia Wydziałowa ul. Kwiatkowskiego 6e S 1509 02508535 Książka
© 2023 Biblioteka Politechniki Koszalińskiej :: KOHA